000 01883nam a2200397 a 4500
001 42974
003 BD-RjUL
005 20211209053626.0
008 160618s1973 ne a b 101 0 eng
020 _a0444105166 (Elsevier)
035 _aMITb10554050
035 _a(OCoLC)00902450
035 _a(BD-RjUL)43092
040 _aDLC
_cDLC
_dm.c.
_dRCD
_beng
041 _aeng
082 _a003
_bIDE 1973
090 _aQA402
_b.I115 1973
099 _aQA402.I115 1973
111 2 _n(3rd :
_d1973 :
_cDelft University of Technology)
_9131968
245 1 0 _aIdentification and system parameter estimation :
_bProceedings of the 3d IFAC Symposium, the Hague/Delft, the Netherlands, 12-15 June 1973 /
_cEd. by P. Eykhoff.
260 _aAmsterdam ;
_bNorth-Holland Pub. Co.;
_aNew York :
_bAmerican Elsevier,
_c1973.
300 _a2 v. :
_bill. ;
_c27 cm.
500 _aOrganized by the Royal Institution of Engineers in The Netherlands, Division for Automatic Control. Sponsored by the International Federation of Automatic Control, (IFAC), the IFAC-Theory Committee and the IFAC-Technical Committee on Applications.
504 _aIncludes bibliographical references.
650 0 _aAutomatic control
_xMathematical models
_vCongresses.
_9131969
650 0 _aSystem identification
_vCongresses.
_9131970
650 0 _aParameter estimation
_vCongresses.
_9131971
700 1 _aEykhoff, Pieter,
_d1929-
_9131972
710 2 _aKoninklijk Instituut van Ingenieurs (Netherlands).
_bDivision for Automatic Control.
_9131973
710 2 _aInternational Federation of Automatic Control.
_9131974
710 2 _aInternational Federation of Automatic Control.
_bTechnical Committee on Theory.
_9131975
710 2 _aInternational Federation of Automatic Control.
_bTechnical Committee on Applications.
_9131976
942 _2ddc
_cBK
949 _aMYGE
_v1
_aMYGE
_v2
999 _c42974
_d42974